Statistics for Five Countries with the Most Coronavirus Cases by Continent

Click here to take the quiz!

General Stats

  • This quiz has been taken 165 times
  • The average score is 21 of 27

Answer Stats

Continent#Answer% Correct
Asia80,576China
95%
North America238United States
95%
North America48Canada
93%
South America9Brazil
91%
Europe4,636Italy
91%
North America6Mexico
91%
Europe577France
89%
Europe386Spain
89%
South America2Argentina
87%
South America4Chile
87%
Europe578Germany
86%
Asia381Japan
86%
Oceania60Australia
84%
Africa1Tunisia, Nigeria, ...
84%
Africa15Egypt
83%
Oceania4New Zealand
82%
South America1Peru
82%
Asia6,593South Korea
80%
South America13Ecuador
74%
Africa17Algeria
71%
Asia4,747Iran
66%
Africa2Morocco
66%
North America2Dominican Republic
55%
North America1Costa Rica
52%
Europe214Switzerland
47%
Asia130Singapore
43%
Africa4Senegal
20%

Score Distribution

Percentile by Number Answered

Percent of People with Each Score

Your Score History

You have not taken this quiz